00263nam a22000977a 450000500170000000800410001702000150005804000080007324500490008126000350013020200924143340.0200924b ||||| |||| 00| 0 eng d a0716600935 cCML aThe World Encyclopedia (L).cWorld Book, Inc aChicagobWorld Book, Incc1993